[Event "CZE-chT2D 2223"]
[Site "Czech Republic"]
[Date "2023.01.08"]
[Round "6.8"]
[White "Kroulik, Vaclav"]
[Black "Marinov, Peter"]
[Result "1/2-1/2"]
[WhiteElo "1799"]
[BlackElo "1751"]
[PlyCount "85"]
[EventDate "2022.10.16"]
[EventType "team-tourn"]
[EventRounds "11"]
[EventCountry "CZE"]
[SourceTitle "EXT 2024"]
[Source "ChessBase"]
[SourceDate "2023.10.10"]
[SourceVersion "1"]
[SourceVersionDate "2023.10.10"]
[SourceQuality "1"]
[WhiteTeam "Rychnov nad Kneznou Panda"]
[BlackTeam "Vysoke Myto"]
[WhiteTeamCountry "CZE"]
[BlackTeamCountry "CZE"]

1. e4 d6 2. Nc3 c6 3. g3 Nd7 4. Bg2 e5 5. d3 Be7 6. Nge2 Ngf6 7. 0-0 d5 8. exd5 cxd5 9. Nxd5 Nxd5 10. Bxd5 Nf6 11. Bg2 h5 12. Bg5 Qb6 13. b3 Bc5 14. Nc3 Ng4 15. Ne4 f6 16. Nxc5 Qxc5 17. Bd2 h4 18. Qe2 hxg3 19. hxg3 Nh2 20. Be3 Qc7 21. Rfe1 Bg4 22. f3 Bd7 23. Kf2 g5 24. Rh1 g4 25. f4 0-0-0 26. a4 Bc6 27. Bxc6 Qxc6 28. b4 Nf3 29. b5 Qd5 30. c4 Qd7 31. c5 Rxh1 32. Rxh1 Qd5 33. Rh7 f5 34. c6 bxc6 35. Rxa7 Nd4 36. Ra8+ Kc7 37. Rxd8 Kxd8 38. Bxd4 Qxd4+ 39. Qe3 cxb5 40. axb5 Qb2+ 41. Kg1 Qd4 42. Kf2 Qb2+ 43. Kg1 1/2-1/2

[Event "Pardubice Region-chT 2223"]
[Site "Czech Republic"]
[Date "2022.12.11"]
[Round "5.7"]
[White "Bures, Milan"]
[Black "Marinov, Peter"]
[Result "0-1"]
[WhiteElo "1542"]
[BlackElo "1745"]
[PlyCount "34"]
[EventDate "2022.10.09"]
[EventType "team-tourn"]
[EventRounds "11"]
[EventCountry "CZE"]
[SourceTitle "EXT 2024"]
[Source "ChessBase"]
[SourceDate "2023.10.10"]
[SourceVersion "1"]
[SourceVersionDate "2023.10.10"]
[SourceQuality "1"]

1. e4 d6 2. Nf3 e6 3. d4 Be7 4. Be2 Nd7 5. 0-0 e5 6. d5 Ngf6 7. Nbd2 Nc5 8. Bb5+ Bd7 9. Bxd7+ Qxd7 10. Re1 c6 11. c4 Nd3 12. Re2 Nf4 13. Re1 Qg4 14. g3 Nd3 15. Nh4 Nxe1 16. Qxg4 Nxg4 17. Ndf3 Nd3 0-1

[Event "CZE-ch Seniors 50"]
[Site "Rychnov nad Kneznou"]
[Date "2015.08.19"]
[Round "5"]
[White "Korinkova, Eva"]
[Black "Marinov, Peter"]
[Result "0-1"]
[WhiteElo "1734"]
[BlackElo "1776"]
[PlyCount "88"]
[EventDate "2015.08.15"]
[EventType "swiss"]
[EventRounds "9"]
[EventCountry "CZE"]
[SourceTitle "EXT 2016"]
[Source "ChessBase"]
[SourceDate "2015.10.08"]
[SourceVersion "1"]
[SourceVersionDate "2015.10.08"]
[SourceQuality "1"]

1. Nf3 d5 2. g3 e6 3. Bg2 Bd6 4. d3 f5 5. 0-0 Nf6 6. Nc3 c6 7. e4 fxe4 8. dxe4 Nbd7 9. Re1 Ng4 10. exd5 0-0 11. dxe6 Nde5 12. Ne4 Be7 13. Nxe5 Qxd1 14. Rxd1 Nxe5 15. Bf4 Ng6 16. Bd6 Bxe6 17. Bxe7 Nxe7 18. Nc5 Bc8 19. Nxb7 Rb8 20. Nd6 Rxb2 21. Nxc8 Rxc8 22. Be4 Nd5 23. Rd2 g6 24. a3 Rc7 25. Re1 Kg7 26. Rc1 Nc3 27. f3 Re7 28. Re1 c5 29. Kf2 c4 30. Re3 Nb1 31. Rd4 Rc7 32. Ke1 c3 33. a4 Nd2 34. Bd3 a5 35. Rd5 Nc4 36. Re4 Rb1+ 37. Ke2 Nb2 38. Rb5 Rh1 39. Rh4 Nxd3 40. Kxd3 Rd1+ 41. Ke3 Rd2 42. Rb1 Rxc2 43. Kd3 Rd2+ 44. Ke3 c2 0-1

[Event "Litomysl op 14th"]
[Site "Litomysl"]
[Date "2012.12.27"]
[Round "2"]
[White "Chiu, Howard"]
[Black "Marinov, Peter"]
[Result "1-0"]
[WhiteElo "2042"]
[BlackElo "1827"]
[PlyCount "87"]
[EventDate "2012.12.26"]
[EventType "swiss"]
[EventRounds "9"]
[EventCountry "CZE"]
[SourceTitle "EXT 2014"]
[Source "ChessBase"]
[SourceDate "2013.11.20"]
[SourceVersion "1"]
[SourceVersionDate "2013.11.20"]
[SourceQuality "1"]

1. e4 d6 2. d4 Nd7 3. c4 e5 4. d5 Be7 5. b3 Ngf6 6. Nc3 h6 7. g3 g5 8. Bg2 Nf8 9. Rb1 Bd7 10. Nf3 Ng6 11. Nd2 Bg4 12. Qc2 b6 13. b4 a5 14. a3 Bd7 15. Nb3 axb4 16. axb4 Kf8 17. Nd1 Kg7 18. Ne3 Qc8 19. h3 h5 20. Nf5+ Kf8 21. Nxe7 Kxe7 22. Bxg5 Qg8 23. f4 Qg7 24. 0-0 exf4 25. gxf4 Kf8 26. e5 Nh7 27. e6 Ba4 28. f5 Ne5 29. Be3 f6 30. Bd4 Ke7 31. c5 bxc5 32. bxc5 Rhc8 33. Kh1 Rab8 34. Qc3 h4 35. Nd2 Qg3 36. Qxg3 hxg3 37. Ne4 Rxb1 38. Rxb1 Bc2 39. cxd6+ cxd6 40. Rb7+ Kf8 41. Rxh7 Rc4 42. Bxe5 Bxe4 43. Bxe4 fxe5 44. f6 1-0